Statistics for Shania Twain UK Singles

Click here to take the quiz!

General Stats

  • This quiz has been taken 15 times
  • The average score is 9 of 13

Answer Stats

AlbumUK Chart Position #Answer% Correct
Come On Over3Man! I Feel Like a Woman
100%
Up!21When You Kiss Me / Up!
93%
Greatest Hits30Don't!
87%
Come On Over3That Don't Impress Me Much
87%
Come On Over5Don't Be Stupid (You Know I Love You)
80%
Come On Over10You're Still the One
80%
Up!4I'm Gonna Getcha Good!
67%
Come On Over18When
67%
Come On Over9From This Moment On
60%
Up!8Ka-ching!
60%
Greatest Hits10Party for Two (ft. Mark McGrath)
60%
Up!6Forever and For Always
33%
Up!11Thank You Baby!
33%

Score Distribution

Percentile by Number Answered

Percent of People with Each Score

Your Score History

You have not taken this quiz